000 003770000a22001570004500
020 _a958-14-0119-9
041 0 _aSPA
082 0 4 _aG 863 A4731d
100 1 _aÁlvarez Gardeazábal, Gustavo (1945-)
245 1 0 _aEl divino / Gustavo Álvarez Gardeazábal
250 _a7
260 _aBogotá, Colombia : Plaza y Janés
300 _a233 Pag
001 11019
942 _cBK
999 _c40392
_d40392